The solid-gas interface /

Guardado en:
Otros Autores: Flood, Edward Alison, 1904-, (Editor , ed.)
Formato: Libro
Idioma:English
Publicado: New York : M. Dekker, 1967 [v. 1, c1966]
Materias:
Etiquetas: Agregar Etiqueta
Sin Etiquetas, Sea el primero en etiquetar este registro!
LEADER 00879cam a22002415a 4500
001 EIQ.libpla000589
008 731003s1967####nyua#####b####001#0#eng#d
005 20060321143951.0
245 0 4 |a The solid-gas interface /  |c edited by E. Alison Flood. 
260 |a New York :  |b M. Dekker,  |c 1967 [v. 1, c1966] 
300 |a 2 v. :  |b il. ;  |c 24 cm. 
500 |a Incluye índices en vol. 2. 
504 |a Incluye referencias bibliográficas. 
700 1 |a Flood, Edward Alison,  |d 1904-,  |e ed.  |4 edt 
082 0 0 |a 541/.3453 
650 4 |a Química de superficies  |x Teoría. 
650 4 |a Gas-sólido  |x Interfaces. 
650 4 |a Gas-solid  |x interfaces. 
650 4 |a Surface chemistry  |x Theory. 
010 |a  66011284  
040 |a DLC  |c DLC  |d AR-BbSID 
859 |a AR-BbSID  |b BIB. PLAPIQUI  |h 541.34513  |i So 44  |p 412  |v Vol. 1  |3 Vol. 1 
859 |a AR-BbSID  |b BIB. PLAPIQUI  |h 541.34513  |i So 44  |p 1353  |v Vol. 2  |3 Vol. 2